| 000 | 01058nam a2200217 a 4500 | ||
|---|---|---|---|
| 001 | SSB032887 | ||
| 005 | 20140930135922.0 | ||
| 008 | |||
| 020 | _a9789719924258 | ||
| 050 |
_aLB 14.7 _b.Or77 2011 |
||
| 100 | _aOrtinero, Aniceta Manuel. | ||
| 245 | 0 |
_aSocial dimensions of education / _cAniceta Manuel-Ortinero. |
|
| 260 |
_aQuezon City : _cc2011. _bC & E Publishing, Inc., |
||
| 300 |
_axiv, 300 pages : _c22 cm. |
||
| 504 | _aIncludes bibliographical references and index. | ||
| 505 |
_gThe six social dimensions in their basic and interdisciplinary forms. -- _tThe historical dimension od education. -- _tThe political dimension of education. -- _tThe economic dimension of education. -- _tThe cultural dimesion of education. -- _tThe sociological dimension of education. -- _tThe socio-psychological dimension of education. -- _tGlobalization and education. |
||
| 521 | _aEducation | ||
| 650 | _aEducational sociology. | ||
| 650 |
_aSchool management and organization _xSocial aspects. |
||
| 942 |
_2lcc _cBK _kFOR |
||
| 999 |
_c275958 _d275958 |
||